| 000 | 00562nam a22001817a 4500 | ||
|---|---|---|---|
| 003 | OSt | ||
| 005 | 20240227091809.0 | ||
| 008 | 180228t pk | |||| 000 f urd d | ||
| 040 | _c0 | ||
| 082 |
_a891.4393 _bHAJ |
||
| 100 | 1 | 0 |
_aحجازی،نسيم _947098 |
| 245 | 1 | 0 |
_aاورتلوارٹوٹ گئی _cNaseem Hajazi |
| 260 |
_aLahore: _bJahangir Book Deepo; |
||
| 300 | _a578 p. | ||
| 650 |
_aUrdu literature _vNoval _9121292 |
||
| 942 |
_2ddc _cBK _aSADA _k891.4393 HAJ |
||
| 999 |
_c608266 _d608266 |
||